Quizzes
Events
Quiz Creation
Community
Videos
Private Events
Remove Ads
Sign In
Join for FREE
Feedback
Dark Mode
Quiz Categories
Sports
Geography
Music
Movies
Television
Just For Fun
Miscellaneous
History
Literature
Language
Science
Gaming
Entertainment
Religion
Holiday
For Kids
Quiz Lab
Recent
Popular Today
Quiz Kudos Today
Editor Picks
Curator Picks
Quizzes by...
Day
Popularity
Type
Ratings
Length
Year
Community
Subscriptions
Recent Discussions
Orange Saloon
Badges
Playlists
Quests
Create
Leaderboards
Showdown
Live 5
Trivia Bingo
Activity
Puzzle Library
Sporcle Events
Private Events
Virtual Trivia
Globe League
Become a Host
Pub Owners
SporcleCon
Opinionation
Our Games
Videos
Blog
Mobile Apps
Partnerships
Remove Ads and Go Orange
Feedback
Geography
Country
Landmarks
City
State
Population
World
Capital
Continent
Flags
Europe
Africa
Asia
South America
North America
Oceania
Border
Canada
United Kingdom
Topography
United States
Geography
Country
Landmarks
City
State
Population
World
Capital
Continent
Flags
Europe
Africa
Asia
South America
North America
Oceania
Border
Canada
United Kingdom
Topography
United States
Random Quiz
Search Sporcle
×
Curator Pick
Curator Pick
Geography
Population
Type in answers that appear in a list
Type in answers that appear in a list
Classic
Best Score? Go Orange.
Top 20 Immigrant Countries by Percentage Stats
Can you name the top 20 immigrant countries (based on the percentage of country’s population that is foreign born in 2015)?
By
joeydeka
8m
20 Questions
1,608 Plays
1,608 Plays
1,608 Plays
Comments
Comments
Give Quiz Kudos
Give Quiz Kudos
-
- Ratings
hide this ad
More Info
Replay
Link that replays current quiz
Next Quiz
Link to next quiz in quiz playlist
You Got
0%
They Got
Avg Score
68%
Avg Friend Score
Upgrade to see
Score Distribution
Jump to the score distribution portion of the page
Score
0/20
Timer
08:00
0
Plays Today
Percentage
Country
% Correct
100%
Vatican City
88.1%
27.7%
Australia
83.6%
83.7%
United Arab Emirates
80.7%
73.8%
Qatar
79%
64.2%
Monaco
78.6%
42.9%
Singapore
77.9%
26.5%
Israel
74.5%
43.3%
Luxembourg
73.3%
70.0%
Kuwait
72.4%
56.9%
Andorra
72%
Percentage
Country
% Correct
54.7%
Bahrain
71.6%
31.4%
Saudi Arabia
70.9%
30.6%
Oman
70%
33.1%
Liechtenstein
69.3%
40.2%
Jordan
59.1%
27.6%
Lebanon
57.5%
49.3%
Brunei
56.5%
28.9%
Switzerland
53.9%
27.8%
Palau
47.1%
31.9%
Antigua and Barbuda
35.8%
Quiz Playlist
Details
Report
Send in Message
Add To Playlist
More Info:
Data from 2015.
Classic:
Type in answers that appear in a list
Quiz Source
Last Updated: Mar 16, 2018
Curator Pick in
Population
Quiz Scoreboard
CHALLENGE
Sign Up to Join the Scoreboard
Show All
Scores
Hide
Comments
May contain spoilers
Recently Published
9x9 Crossword: Cartoon Network
by jackfrog10
Miscellaneous
3m
College Basketball Coaching Resumes
by pancakes188
Sports
9m
Billboard Blitz: Fleetwood Mac
by CooCooCachoo
Music
15s
More to Explore
Quiz From the Vault
Featured Blog Post
Where Did the Easter Bunny Come From?
hide this ad
You Might Also Like...
Tags
Continent Quiz
Country Quiz
Population Quiz
2015
immigrant
Largest Immigrant
Percentage
ten
Today's Top Quizzes in Geography
Browse Geography
hide this ad
Today's Top Quizzes in Population
Browse Population
Top Contributed Quizzes in Geography
1
Countries of the World - No Outlines Minefield
2
Top 25 Cities of France on a map
3
Any capital of a 'B' country per Continent
4
Any capital of a 'C' country per Continent
5
Closest Countries to UK A-Z
6
Any capital of a 'D' country per Continent
7
5-to-1: US Geography No Hints
8
Any capital of an 'E' country per Continent
9
Find the US States - No Outlines
10
Any capital of an 'F' country per Continent
Explore More
Trending Topics
Marvel
Disney
Kpop
NBA
Harry Potter
Anime
Crossword
The Office
Puzzle
Country
Soccer
NFL
Pokémon
Song
WWE
hide this ad
More By:
joeydeka
Quiz
Plays
Rating
Category
Featured
Created
Europe Minesweeper
752,872
3.74
Geography
Dec 12, 2017
US States Minesweeper
580,568
4.72
Geography
Oct 9, 2017
US States Minesweeper II
434,798
4.45
Geography
Oct 12, 2017
US States Minesweeper VI
384,278
4.26
Geography
Apr 24, 2018
US States Minesweeper III
318,158
4.61
Geography
Dec 29, 2017
Go to Creator's Profile
Score Distribution
Quiz Creator Spotlight
joeydeka
Follow
Send a Message
Quizzes Created
-
Created Quiz Play Count
-
More By This Creator
Popular Quizzes Today
1
Find the US States - No Outlines Minefield
2
Find the Countries of Europe - No Outlines Minefield
3
The Countries of the World
4
Find the US States
5
Risky Map Clicking: Biggest States A-Z
6
US States
7
Popular People in 1961
8
Movies - When Are They Set?
More Geography Quizzes
Find the Star: African Capitals
Published
Trending Quizzes
Risky Map Clicking: Least Populous States A-Z
1-10 Letter G Words
1-10 Letter F Words
Risky Map Clicking: Next State Alphabetically
Adjectives in 80s TV Shows
Recently Updated
Leaping Animals
pecheneg
Reality TV Shows (A-Z)
bhenderson79
Rickey Henderson's Hall of Fame Teammates
pecheneg
Champions League XIs: Arsenal
pecheneg
Quick Pick: Celebrities in WWE's Hall of Fame
aduchscher
A-Z Keypad Blitz II
pecheneg
Multiple Oscar Actors
pecheneg
Mystery Phrase Blitz: Oscar 'Best Actors'
pecheneg
F. Scott Fitzgerald Novels
LTH
Pick 3 Villains
ddd62291
Trending Topics
Anime
Disney
Crossword
Harry Potter
Marvel
NBA
Kpop
Puzzle
Song
WWE
The Office
NFL
Soccer
Country
Pokémon
Your Account Isn't Verified!
In order to create a playlist on Sporcle, you need to verify the email address you used during registration. Go to your
Sporcle Settings
to finish the process.
Report this User
Report this user for behavior that violates our
Community Guidelines
.
Details:
Send Report
Go to the Sporcle.com Mobile Site →
Comments